000 00753nam a2200229Ii 4500
003 JO-AjNU
008 230605s9999||||xx |||||||||||||| ||und||
017 _a2017/11/5950
020 _a978-9957-81-364-8
040 _aJO-AjNU
_bara
_erda
_cJO-AjNU
041 _aara
050 1 4 _aHB172.5.A439 2017
100 3 _aتالف العلاوين، عبد الهادي,
_eauthor
_959573
245 0 0 _aالاقتصاد الكلي المالي والنقدي والدولي
250 _aط1
264 3 1 _aعمان: دار جليس الزمان، 2017
300 _a501ص
336 _atext
_btxt
_2rdacontent
337 _aunmediated
_bn
_2rdamedia
338 _avolume
_bnc
_2rdacarrier
650 4 _aالاقتصاد الكلي- الاقتصاد
_959574
999 _aA26815
_c30383
_d30383